000 00296nam a22001097a 4500
082 _a342/MUK
100 _aMukherji,Saradindu
_983269
245 _aThe Citizenship Amendment Act,2019
_bSome Reflections
260 _aDelhi
_bakshaya Prakashan
_c2021
650 _aCitizenship act
_983270
942 _cBK
999 _c68116
_d68116